[Event "St Ingbert op"]
[Site "St Ingbert"]
[Date "1988.??.??"]
[Round "4"]
[White "Glende, Siegfried"]
[Black "Pinter, Michael"]
[Result "1-0"]
[WhiteElo "1768"]
[BlackElo "1848"]
[PlyCount "75"]
[EventDate "1988.08.20"]
[EventType "swiss"]
[EventRounds "9"]
[EventCountry "GER"]
[SourceTitle "EXT 2002"]
[Source "ChessBase"]
[SourceDate "2001.11.25"]
[SourceVersion "1"]
[SourceVersionDate "2001.11.25"]
[SourceQuality "1"]

1. d4 e6 2. e4 d5 3. e5 c5 4. c3 Nc6 5. a3 Qb6 6. Nf3 cxd4 7. cxd4 Nge7 8. b4 Nf5 9. Be3 Nxe3 10. fxe3 Be7 11. Bd3 f6 12. b5 Na5 13. Nbd2 Bd7 14. a4 0-0 15. 0-0 Rac8 16. Qe2 f5 17. Kh1 Be8 18. Rg1 Bh5 19. h3 Rc3 20. g4 fxg4 21. hxg4 Be8 22. Rg3 g6 23. Rh3 Kg7 24. Kg2 Qc7 25. Rah1 Rh8 26. Kg3 Rc1 27. Ng1 Bb4 28. Ndf3 Qe7 29. Qb2 Rc3 30. Qb1 Nc4 31. Ne2 Ra3 32. Nf4 Nd2 33. Nxd2 Bxd2 34. Kf2 a5 35. bxa6 bxa6 36. Ke2 Bc3 37. Bxg6 Bxg6 38. Nxg6 1-0

[Event "St Ingbert op"]
[Site "St Ingbert"]
[Date "1988.??.??"]
[Round "8"]
[White "Klotz, Elmar"]
[Black "Pinter, Michael"]
[Result "1/2-1/2"]
[WhiteElo "1640"]
[BlackElo "1848"]
[PlyCount "24"]
[EventDate "1988.08.20"]
[EventType "swiss"]
[EventRounds "9"]
[EventCountry "GER"]
[SourceTitle "EXT 2002"]
[Source "ChessBase"]
[SourceDate "2001.11.25"]
[SourceVersion "1"]
[SourceVersionDate "2001.11.25"]
[SourceQuality "1"]

1. d4 d5 2. c4 e6 3. Nc3 Be7 4. Nf3 Nf6 5. Bg5 0-0 6. e3 c6 7. Qc2 Nbd7 8. Bd3 Re8 9. 0-0 h6 10. Bh4 dxc4 11. Bxc4 Nd5 12. Bxe7 Qxe7 1/2-1/2